A carregar...

Sabdastoma mahanidhi(A sanskrit dictionary) /

Detalhes bibliográficos
Autor principal: Bhattacharya, Taranatha
Idioma:Undetermined
Publicado em: Chowkhamba sanskrit series office , 1967.
Colecção:Chowkhamba sanskrit series,101
Assuntos:
LEADER 00556nam a2200157Ia 4500
001 68197
008 170722s9999 xx 000 0 und d
100 |a Bhattacharya, Taranatha 
245 |a Sabdastoma mahanidhi(A sanskrit dictionary) / 
260 |b Chowkhamba sanskrit series office ,  |c 1967. 
300 |a Ppxvi+515, 28.5cms 
490 |a Chowkhamba sanskrit series,101 
653 |a Sanskrit Dictionary 
942 |c GEN 
999 |c 88380  |d 88380 
952 |0 0  |1 0  |4 0  |6 P_154K_K7_R  |7 0  |8 R  |9 123717  |a LIB  |b LIB  |d 2017-08-12  |o P15:4k K7 (R)  |p 159026  |r 2017-08-12  |v 0.00  |w 2017-08-12  |y GEN